Dominancia v Cayleyho digrafoch metacyklickych grup
Salvato in:
| Autore principale: | |
|---|---|
| Altri autori: | |
| Natura: | Manoscritto Libro |
| Lingua: | slovacco |
| Pubblicazione: |
Bratislava :
STU v Bratislave SvF,
2013
|
| Soggetti: | |
| Accesso online: | VAIS |
| Tags: |
Nessun Tag, puoi essere il primo ad aggiungerne!!
|
MARC
| LEADER | 00000ntm a22000003a 4500 | ||
|---|---|---|---|
| 001 | stu271732 | ||
| 005 | 20150617230232.4 | ||
| 008 | 130719s2013----xo------------------slo-d | ||
| 040 | |a STU |b slo | ||
| 041 | 0 | |a slo | |
| 044 | |a xo | ||
| 100 | 1 | |a Sýs, Jaromír, |d 1988- |4 aut |u V |T SvF Stavebná fakulta |X 50476 |U V |Y 10 |7 A000050476 | |
| 245 | 1 | |a Dominancia v Cayleyho digrafoch metacyklickych grup | |
| 260 | |a Bratislava : |b STU v Bratislave SvF, |c 2013 | ||
| 650 | 7 | |a matematicko-počítačové modelovanie |2 stusub | |
| 650 | 7 | |a Mathematical and Computational Modeling |2 estusub | |
| 650 | 7 | |a domination number |2 estusub | |
| 650 | 7 | |a Cayley digraph |2 estusub | |
| 700 | 1 | |a Knor, Martin, |d 1967- |4 ths |u V220 |U SvF Stavebná fakulta |T SvF Katedra matematiky a deskriptívnej geometrie |X 860 |U V220 |Y 23 |7 A000000860 | |
| 856 | 4 | |a info a plný text |u http://is.stuba.sk/zp/portal_zp.pl?podrobnosti=93227 |3 VAIS | |